Reconnaissez-vous ces stations du métro parisien ? - Statistiques

Statistiques générales
  • Ce quiz a été pris 55 fois
    37 depuis la dernière actualisation
  • Le résultat moyen est 21 sur 53
Statistiques - réponses
Par images Hint Réponse % Correct
Ligne 3 & 11 Arts et Métiers
82%
Ligne 1 Bastille
82%
Ligne 4 Barbara
76%
Lignes 1 & 14 Gare de Lyon
76%
Lignes 1 & 7 Palais-Royal - Musée du Louvre
73%
Ligne 12 Notre-Dame-des-Champs
70%
Lignes 3, 12, 13 & 14 Saint-Lazare
67%
Lignes 5 & 10 Gare d'Austerlitz
64%
Ligne 5 Porte de Pantin
64%
Ligne 4 Saint-Germain-des-Prés
61%
Lignes 1 & 11 Hôtel de Ville
58%
Lignes 6, 8 & 10 La Motte-Picquet - Grenelle
58%
Ligne 7 bis & 11 Place des Fêtes
55%
Lignes 10 & 12 Sèvres - Babylone
52%
Ligne 7 Villejuif - Léo Lagrange
52%
Lignes 1 & 13 Champs-Élysées - Clemenceau
48%
Ligne 6 Saint-Jacques
48%
Ligne 13 Basilique de Saint-Denis
45%
Ligne 12 Concorde
45%
Lignes 1 & 9 Franklin D. Roosevelt
45%
Ligne 1 Louvre-Rivoli
45%
Ligne 10 Cluny - La Sorbonne
42%
Ligne 4 Cité
39%
Ligne 9 Pont de Sèvres
39%
Lignes 8 & 9 Richelieu - Drouot
39%
Ligne 1 Palais-Royal - Musée du Louvre
36%
Ligne 14 Saint-Denis Pleyel
36%
Ligne 3 Sentier
36%
Ligne 2 Victor Hugo
36%
Ligne 12 Volontaires
36%
Ligne 4 & 12 Marcadet - Poissonniers
33%
Ligne 3 Parmentier
33%
Ligne 3 bis Pelleport
33%
Ligne 7 Place Monge
33%
Ligne 12 Assemblée nationale
30%
Ligne 8 École vétérinaire de Maisons-Alfort
30%
Ligne 14 Pont Cardinet
30%
Ligne 1 Argentine
24%
Ligne 14 Saint-Denis Pleyel
24%
Ligne 7 Cadet
21%
Ligne 7 Pont Neuf
21%
Ligne 10 Vaneau
21%
Ligne 10 Vaneau
21%
Ligne 9 Charonne
18%
Ligne 13 Guy Môquet
18%
Ligne 10 Boulogne - Pont de Saint-Cloud
12%
Ligne 9 Jasmin
12%
Ligne 13 Pernety
12%
Ligne 5 Hoche
9%
Ligne 1 Nation
9%
Ligne 5 Ourcq
9%
Ligne 4 Porte d'Orléans
6%
Ligne 3 Réaumur-Sébastopol
6%
Aucun quiz correspondant
Distribution des résultats
% des personnes avec chaque résultat
Percentile par nombre de réponses
Votre historique - résultats
Vous n’avez pas pris ce quiz depuis la dernière actualisation